Homenatge del Centre Alcoià d'Estudis Històrics i Arqueològics (CAEHA) a Carlos Palacio (1911-1997) : en el centenari de seu naixement / (Record no. 177439)
[ view plain ]
| 000 -LEADER | |
|---|---|
| campo de control de longitud fija | 00945nam a2200229 i 4500 |
| 001 - NÚMERO DE CONTROL | |
| campo de control | 177439 |
| 003 - IDENTIFICADOR DE NÚMERO DE CONTROL | |
| campo de control | ES-MaACL |
| 005 - FECHA Y HORA DE LA ÚLTIMA TRANSACCIÓN | |
| campo de control | 20230906220329.0 |
| 007 - CAMPO FIJO DE DESCRIPCIÓN FÍSICA--INFORMACIÓN GENERAL | |
| campo de control de longitud fija | t| |
| 008 - DATOS DE LONGITUD FIJA--INFORMACIÓN GENERAL | |
| campo de control de longitud fija | 110323s2011 sp a |||| |dspa d |
| 080 ## - NÚMERO DE LA CLASIFICACIÓN DECIMAL UNIVERSAL | |
| Número de la Clasificación Decimal Universal | 929 Palacio, Carlos |
| 080 ## - NÚMERO DE LA CLASIFICACIÓN DECIMAL UNIVERSAL | |
| Número de la Clasificación Decimal Universal | 78 Palacio, Carlos |
| 245 00 - MENCIÓN DEL TÍTULO | |
| Título | Homenatge del Centre Alcoià d'Estudis Històrics i Arqueològics (CAEHA) a Carlos Palacio (1911-1997) : en el centenari de seu naixement / |
| Mención de responsabilidad, etc. | [coordinació, À. Beneito... (et al.) ; textos, Juan Alcalde... (et al.) ; correcció lingüística del text en valencià, J. Victoriano Lavinya]. |
| 260 ## - PUBLICACIÓN, DISTRIBUCIÓN, ETC. | |
| Lugar de publicación, distribución, etc. | Alcoi : |
| Nombre del editor, distribuidor, etc. | CAEHA, |
| Fecha de publicación, distribución, etc. | 2011. |
| 300 ## - DESCRIPCIÓN FÍSICA | |
| Extensión | 63 p. : |
| Otras características físicas | il. ; |
| Dimensiones | 20 cm. |
| 546 ## - NOTA DE IDIOMA | |
| Nota de lengua/lenguaje | Texto en castellano y catalán. |
| 600 14 - PUNTO DE ACCESO ADICIONAL DE MATERIA--NOMBRE DE PERSONA | |
| Nombre de persona | Palacio, Carlos ( |
| Fechas asociadas al nombre | 1911-1997)- |
| Subdivisión de forma | Homenajes. |
| 9 (RLIN) | 145823 |
| 700 1# - ENTRADA AGREGADA--NOMBRE PERSONAL | |
| Nombre de persona | Beneito Lloris, Àngel. |
| 9 (RLIN) | 145822 |
| 700 1# - ENTRADA AGREGADA--NOMBRE PERSONAL | |
| Nombre de persona | Alcalde, Juan. |
| 9 (RLIN) | 19479 |
| 700 1# - ENTRADA AGREGADA--NOMBRE PERSONAL | |
| Nombre de persona | Victoriano Lavinya, Joaquim E. |
| 9 (RLIN) | 145824 |
| 852 ## - LOCALIZACIÓN | |
| Ubicación | ES-MaACL |
| Número de control de estantería | 2305-F-11 |
| Estatus retirado | Estado de pérdida | Estado de daño | No para préstamo | Colección | Biblioteca de origen | Biblioteca actual | Ubicación en estantería | Fecha de adquisición | Fuente de adquisición | Total de préstamos | Signatura topográfica completa | Código de barras | Visto por última vez | Precio de reemplazo | Tipo de ítem Koha |
|---|---|---|---|---|---|---|---|---|---|---|---|---|---|---|---|
| Colección de folletos | Biblioteca del Ateneo de Madrid | Biblioteca del Ateneo de Madrid | Depósito folletos | 23/03/2011 | 2305-F-11 | 1186363 | 23/02/2023 | 23/02/2023 | Folleto |
